[Event "London Chess Classic FIDE Open"]
[Site "London ENG"]
[Date "2010.12.09"]
[Round "2"]
[White "McKenna, John R"]
[Black "Costello, Colin A"]
[Result "0-1"]
[WhiteElo "1669"]
[BlackElo "1977"]
[WhiteFideId "406180"]
[BlackFideId "403580"]
[EventDate "2010.12.08"]

1. d4 Nf6 2. Nf3 e6 3. Bg5 d5 4. e3 c5 5. c3 Be7 6. Nbd2 O-O 7. Bd3 b6 8. Ne5
Bb7 9. Qf3 Nbd7 10. Nxd7 Qxd7 11. Qh3 Ne4 12. Bxe7 Qxe7 13. f3 Nf6 14. Qh4 Rfe8
15. g4 g6 16. g5 Nh5 17. f4 a5 18. Nf3 a4 19. Ne5 Ba6 20. Bxa6 Rxa6 21. Ng4 a3
22. b3 cxd4 23. exd4 Rc8 24. Kd2 Qc7 25. Rac1 Qxf4+ 26. Ke2 Qe4+ 27. Kd2 Qg2+
28. Nf2 Qf3 29. Nd3 Qg2+ 30. Nf2 Qf3 31. Nd3 Qe4 32. Qf2 Qf5 33. Rhf1 Qxg5+ 34.
Ke1 f5 35. h4 Qg3 36. Rg1 Qxd3 0-1

[Event "London Chess Classic FIDE Open"]
[Site "London ENG"]
[Date "2010.12.09"]
[Round "2"]
[White "Phillips, William"]
[Black "Lie, Terje"]
[Result "1-0"]
[WhiteElo "1977"]
[BlackElo "1626"]
[WhiteFideId "414344"]
[BlackFideId "1504916"]
[EventDate "2010.12.08"]

1. d4 Nf6 2. Nf3 d6 3. Nc3 g6 4. e4 Bg4 5. h3 Bxf3 6. Qxf3 c6 7. Bc4 e6 8. Bg5
Be7 9. O-O-O Nh5 10. Be3 Bg5 11. d5 Bxe3+ 12. fxe3 Qf6 13. Qxf6 Nxf6 14. dxe6
fxe6 15. Rxd6 O-O 16. Bxe6+ Kg7 17. Rhd1 Na6 18. e5 Nd5 19. Rd7+ Kh6 20. Bxd5
cxd5 21. e6 Rfe8 22. e7 Nc5 23. Rc7 Rac8 24. Rxc8 Rxc8 25. Rxd5 b6 26. Rd8 Rc6
27. e8=Q Re6 28. Qf8+ Kh5 29. Rd5+ g5 30. g4+ Kh4 31. Qf2+ Kxh3 32. Qf3+ Kh4 33.
Rd1 1-0

[Event "London Chess Classic FIDE Open"]
[Site "London ENG"]
[Date "2010.12.09"]
[Round "2"]
[White "Haria, Ravi"]
[Black "Kazmierczak, Ewa"]
[Result "1-0"]
[WhiteElo "1952"]
[BlackElo "1422"]
[WhiteFideId "415820"]
[BlackFideId "1154877"]
[EventDate "2010.12.08"]

1. e4 e6 2. d4 d5 3. e5 c5 4. c3 Qb6 5. Nf3 Nc6 6. a3 c4 7. Nbd2 Na5 8. h4 Bd7
9. g3 Ne7 10. Bh3 h6 11. O-O O-O-O 12. h5 g6 13. Nh2 g5 14. Qf3 Be8 15. Bg4 Bg7
16. Qg2 Rf8 17. Bd1 Bd7 18. Ng4 Ng8 19. Rb1 Nb3 20. Nxb3 cxb3 21. Be2 Bc6 22.
Be3 f5 23. exf6 Nxf6 24. Ne5 Be8 25. Qh3 Bd7 26. c4 Ne4 27. cxd5 Kb8 28. Nxd7+
Rxd7 29. Qxe6 Qxe6 30. dxe6 Re7 31. d5 Nd6 32. Bc5 Be5 33. Bd1 Ree8 34. Re1 b6
35. Rxe5 bxc5 36. Bxb3 Rf5 37. Rbe1 Rxe5 38. Rxe5 1-0

[Event "London Chess Classic FIDE Open"]
[Site "London ENG"]
[Date "2010.12.10"]
[Round "3"]
[White "Avrukh, Boris"]
[Black "Barle, Janez"]
[Result "1-0"]
[WhiteTitle "GM"]
[BlackTitle "IM"]
[WhiteElo "2625"]
[BlackElo "2403"]
[WhiteFideId "2803895"]
[BlackFideId "14600021"]
[EventDate "2010.12.10"]

1. d4 d5 2. c4 e6 3. Nc3 c5 4. cxd5 exd5 5. Nf3 Nc6 6. g3 Nf6 7. Bg2 Be7 8. O-O
O-O 9. Bg5 cxd4 10. Nxd4 h6 11. Be3 Be6 12. Rc1 Qd7 13. Qa4 Bh3 14. Rfd1 Bxg2
15. Kxg2 Rfd8 16. f3 a6 17. Qc2 Rac8 18. Qf5 Bb4 19. Qxd7 Rxd7 20. Na4 Re8 21.
Bf2 Nxd4 22. Rxd4 Ba5 23. Kf1 Rde7 24. b4 Bc7 25. Rd2 Bd6 26. a3 a5 27. bxa5
Bxa3 28. Rb1 Ra8 29. Rb5 Bc1 30. Rd3 Rae8 31. Rb1 Bg5 32. h4 Rxe2 33. hxg5 hxg5
34. Nc3 Rc2 35. Nxd5 Ree2 36. Nxf6+ gxf6 37. Bg1 Ra2 38. Rd8+ Kg7 39. Rd6 Rg2
40. Bd4 Rxg3 41. Rxf6 Rh3 42. Rb2 Ra4 43. Rd6+ Kh7 44. Kg2 g4 45. fxg4 Rd3 46.
Be5 Rxg4+ 47. Kf1 Rf3+ 48. Rf2 Rxf2+ 49. Kxf2 Re4 50. Rd5 f6 51. Rd7+ Kg6 52.
Bd4 1-0

[Event "London Chess Classic FIDE Open"]
[Site "London ENG"]
[Date "2010.12.10"]
[Round "3"]
[White "Rendle, Thomas E"]
[Black "Gupta, Abhijeet"]
[Result "1/2-1/2"]
[WhiteTitle "IM"]
[BlackTitle "GM"]
[WhiteElo "2400"]
[BlackElo "2600"]
[WhiteFideId "408760"]
[BlackFideId "5010608"]
[EventDate "2010.12.10"]

1. e4 c5 2. Nf3 d6 3. c3 Nf6 4. Be2 g6 5. O-O Bg7 6. Bb5+ Nc6 7. d4 cxd4 8. cxd4
Qb6 9. Nc3 a6 10. Ba4 O-O 11. h3 Qd8 12. Qe2 b5 13. Bb3 Na5 14. e5 Nxb3 15. axb3
Ne8 16. Bg5 dxe5 17. dxe5 Nc7 18. Rfd1 Qe8 19. Qe4 f6 20. Bf4 f5 21. Qe3 Bb7 22.
b4 Rc8 23. Nd4 Qf7 24. Nf3 Ne6 25. Rd7 Bxf3 26. Qxf3 Nxf4 27. Qxf4 Qe6 28. Qd2
Kh8 29. f4 g5 30. Qd5 Qxd5 31. Nxd5 gxf4 32. Rxe7 Rfe8 33. Rxa6 Bxe5 34. Rxe8+
Rxe8 35. Ra5 Kg7 36. Rxb5 Kg6 37. Kf2 Bxb2 1/2-1/2

[Event "London Chess Classic FIDE Open"]
[Site "London ENG"]
[Date "2010.12.10"]
[Round "3"]
[White "Jones, Gawain C B"]
[Black "Andersen, Mads"]
[Result "1/2-1/2"]
[WhiteTitle "GM"]
[BlackTitle "FM"]
[WhiteElo "2575"]
[BlackElo "2382"]
[WhiteFideId "409561"]
[BlackFideId "1413864"]
[EventDate "2010.12.10"]

1. c4 Nf6 2. g3 c6 3. Bg2 d5 4. Nf3 g6 5. b3 Bg7 6. Bb2 O-O 7. O-O a5 8. d3 Re8
9. Qc2 Bg4 10. Nbd2 Nbd7 11. h3 Bxf3 12. Bxf3 e5 13. e3 Nf8 14. Bg2 Qd6 15. a3
Ne6 16. b4 b5 17. cxb5 cxb5 18. Rfc1 axb4 19. axb4 Rxa1 20. Bxa1 d4 21. exd4
Nxd4 22. Bxd4 Qxd4 23. Qb3 Bf8 24. Rc7 Re7 25. Rc5 Rd7 26. Rxb5 Qxd3 27. Qxd3
Rxd3 28. Nf1 Rd4 29. Rxe5 Rxb4 1/2-1/2

[Event "London Chess Classic FIDE Open"]
[Site "London ENG"]
[Date "2010.12.10"]
[Round "3"]
[White "Stoma, Pawel"]
[Black "Greenfeld, Alon"]
[Result "1-0"]
[BlackTitle "GM"]
[WhiteElo "2351"]
[BlackElo "2564"]
[WhiteFideId "1113569"]
[BlackFideId "2800039"]
[EventDate "2010.12.10"]

1. e4 e5 2. Nf3 Nc6 3. Bb5 a6 4. Ba4 Nf6 5. d3 d6 6. c3 g6 7. Nbd2 Bg7 8. Nf1
O-O 9. Bg5 h6 10. Bxf6 Qxf6 11. Ne3 Ne7 12. h3 c6 13. Bb3 d5 14. exd5 Rd8 15.
dxc6 e4 16. cxb7 Bxb7 17. Ng4 Qf4 18. Qd2 Qxd2+ 19. Nxd2 exd3 20. O-O Nf5 21.
Rfe1 Re8 22. Nc4 Rad8 23. Rxe8+ Rxe8 24. Rd1 h5 25. Nge3 Nxe3 26. Nxe3 Rd8 27.
Bc4 d2 28. Bd5 Rxd5 29. Nxd5 Bxd5 30. Rxd2 Bxa2 31. Rd8+ Bf8 32. Rc8 Bb3 33. Rb8
Bc2 34. c4 Kg7 35. c5 Ba4 36. b4 Bb5 37. Rb6 Be7 38. g3 f5 39. c6 1-0

[Event "London Chess Classic FIDE Open"]
[Site "London ENG"]
[Date "2010.12.10"]
[Round "3"]
[White "Hebden, Mark L"]
[Black "Piper, Matthew S"]
[Result "1-0"]
[WhiteTitle "GM"]
[WhiteElo "2560"]
[BlackElo "2343"]
[WhiteFideId "400084"]
[BlackFideId "401463"]
[EventDate "2010.12.10"]

1. d4 Nf6 2. Nf3 e6 3. e3 b6 4. Bd3 Bb7 5. O-O c5 6. c4 cxd4 7. exd4 Be7 8. Nc3
d5 9. cxd5 Nxd5 10. Ne5 O-O 11. Qg4 Nf6 12. Qg3 Nc6 13. Rd1 Nb4 14. Bh6 Ne8 15.
Bc4 Nd5 16. Bd2 Rc8 17. Qh3 f5 18. Rac1 Nef6 19. Bg5 a6 20. Bb3 Qd6 21. Re1 Nxc3
22. bxc3 Nd5 23. Nc4 Rxc4 24. Bxe7 Nxe7 25. Bxc4 Rf6 26. Qe3 Kf7 27. Bf1 Rg6 28.
c4 Nc6 29. d5 exd5 30. Qxb6 1-0

[Event "London Chess Classic FIDE Open"]
[Site "London ENG"]
[Date "2010.12.10"]
[Round "3"]
[White "Zhou, Yang-Fan"]
[Black "Williams, Simon K"]
[Result "0-1"]
[WhiteTitle "FM"]
[BlackTitle "GM"]
[WhiteElo "2326"]
[BlackElo "2493"]
[WhiteFideId "468584"]
[BlackFideId "404454"]
[EventDate "2010.12.10"]

1. e4 e6 2. d3 b5 3. Nf3 Bb7 4. g3 c5 5. Bg2 d6 6. O-O Nd7 7. Nbd2 Ngf6 8. b3
Be7 9. Bb2 O-O 10. Qe2 Qc7 11. c3 a5 12. a4 bxa4 13. bxa4 Nb6 14. e5 dxe5 15.
Qxe5 Qd7 16. Qf4 Nfd5 17. Qg4 f5 18. Qh5 Bf6 19. Ng5 h6 20. h4 hxg5 21. hxg5 g6
22. Qxg6+ Qg7 23. Qxg7+ Bxg7 24. Rfe1 Rfe8 25. Nc4 Re7 26. Nxb6 Nxb6 27. Bxb7
Rxb7 28. Rxe6 Nxa4 29. Rxa4 Rxb2 30. Rc6 Bxc3 31. Rxc5 Rb4 32. Ra3 Rb1+ 0-1

[Event "London Chess Classic FIDE Open"]
[Site "London ENG"]
[Date "2010.12.10"]
[Round "3"]
[White "Rodriguez Lopez, Rafael"]
[Black "Summerscale, Aaron P"]
[Result "1-0"]
[WhiteTitle "IM"]
[BlackTitle "GM"]
[WhiteElo "2305"]
[BlackElo "2434"]
[WhiteFideId "2204495"]
[BlackFideId "400980"]
[EventDate "2010.12.10"]

1. e4 e6 2. d4 d5 3. Nc3 Nf6 4. e5 Nfd7 5. f4 c5 6. Nf3 Nc6 7. Be3 cxd4 8. Nxd4
Bc5 9. Qd2 O-O 10. O-O-O a6 11. Nb3 b6 12. h4 Bb7 13. h5 Rc8 14. Rh3 Bb4 15. Bf2
Nc5 16. Qe2 Bxc3 17. Nxc5 Bxb2+ 18. Kxb2 bxc5 19. Bxc5 Nxe5 20. Bxf8 Nc4+ 21.
Ka1 Qf6+ 22. c3 Kxf8 23. Qf2 Qe7 24. Bxc4 Rxc4 25. Rd4 Rc8 26. Qb2 Kg8 27. Rb4
Rc7 28. h6 g6 29. c4 f6 30. cxd5 exd5 31. Rh1 Kf7 32. Rb6 a5 33. Rb1 Bc8 34. Qd4
Qd8 35. Rd1 Be6 36. Qb2 Bg4 37. Re1 Bc8 38. Qa3 Rc4 39. Rd6 Qc7 40. Rxd5 Rc3 41.
Re7+ 1-0

[Event "London Chess Classic FIDE Open"]
[Site "London ENG"]
[Date "2010.12.10"]
[Round "3"]
[White "Slavin, Alexei"]
[Black "Afek, Yochanan"]
[Result "1-0"]
[WhiteTitle "IM"]
[BlackTitle "IM"]
[WhiteElo "2425"]
[BlackElo "2283"]
[WhiteFideId "24104388"]
[BlackFideId "2800462"]
[EventDate "2010.12.10"]

1. d4 d5 2. Nf3 c5 3. e3 Nf6 4. Nbd2 cxd4 5. exd4 Bf5 6. c3 Nbd7 7. Be2 e6 8.
Nh4 Bg6 9. Nxg6 hxg6 10. Bd3 Bd6 11. Nf3 Qc7 12. Qe2 O-O-O 13. h3 Rde8 14. O-O
Nh5 15. Bb5 f6 16. c4 dxc4 17. Bxc4 e5 18. Bf7 Re7 19. Bxg6 exd4 20. Qd3 Kb8 21.
Bxh5 Rxh5 22. Nxd4 Ne5 23. Qd1 g6 24. Nb5 Nf3+ 25. Qxf3 Rxb5 26. Qxf6 Qc6 27.
Bf4 Rd7 28. Rac1 Rc5 29. Rxc5 Qxc5 30. Rd1 Bxf4 31. Qxf4+ 1-0

[Event "London Chess Classic FIDE Open"]
[Site "London ENG"]
[Date "2010.12.10"]
[Round "3"]
[White "Thomassen, Joachim"]
[Black "Radovanovic, Jovica"]
[Result "0-1"]
[WhiteTitle "IM"]
[BlackTitle "FM"]
[WhiteElo "2418"]
[BlackElo "2276"]
[WhiteFideId "1504991"]
[BlackFideId "915912"]
[EventDate "2010.12.10"]

1. d4 d5 2. Nf3 Nf6 3. c4 e6 4. Nc3 Be7 5. cxd5 exd5 6. Bg5 c6 7. e3 Bf5 8. Bd3
Bxd3 9. Qxd3 Nbd7 10. O-O O-O 11. Rab1 a5 12. Qc2 Re8 13. a3 Ne4 14. Bxe7 Qxe7
15. b4 Nd6 16. Nd2 axb4 17. axb4 b5 18. Rfe1 Nb6 19. Ra1 Ndc4 20. Nxc4 dxc4 21.
Qb2 Nd5 22. Nxd5 cxd5 23. Ra3 Rec8 24. Rea1 Rxa3 25. Qxa3 h6 26. h3 Kh7 27. Qa6
Qd7 28. Qa3 h5 29. Qc3 Qf5 30. Kf1 Rc6 31. Rc1 Ra6 32. Qc2 Qxc2 33. Rxc2 Ra3 34.
Ke2 Rb3 35. e4 dxe4 36. d5 Rd3 0-1

[Event "London Chess Classic FIDE Open"]
[Site "London ENG"]
[Date "2010.12.10"]
[Round "3"]
[White "Astaneh Lopez, Alex"]
[Black "Haydon, David L"]
[Result "0-1"]
[WhiteTitle "FM"]
[WhiteElo "2405"]
[BlackElo "2218"]
[WhiteFideId "2501430"]
[BlackFideId "415405"]
[EventDate "2010.12.10"]

1. e4 c6 2. d4 d5 3. Nd2 dxe4 4. Nxe4 Bf5 5. Ng3 Bg6 6. h4 h6 7. Nf3 Nd7 8. h5
Bh7 9. Bd3 Bxd3 10. Qxd3 e6 11. Bd2 Ngf6 12. O-O-O Be7 13. Ne4 Nxe4 14. Qxe4 Nf6
15. Qe2 Qd5 16. c4 Qe4 17. Qxe4 Nxe4 18. Be3 O-O 19. Kc2 f5 20. g3 Rfd8 21. Rd3
b6 22. Nd2 Nxd2 23. Bxd2 Bf6 24. Bc3 Rd7 25. Kd2 Rad8 26. Ke3 e5 27. Rhd1 e4 28.
R3d2 Bg5+ 29. f4 exf3+ 30. Kxf3 Bxd2 31. Rxd2 Re8 32. Rd3 Re4 33. b3 b5 34. cxb5
cxb5 35. Rd2 Kf7 36. Bb2 Rde7 37. Ba3 Rd7 38. Bc5 Ke6 39. b4 Kd5 40. a4 a6 41.
axb5 axb5 42. Ra2 f4 43. Ra5 fxg3 44. Rxb5 Rf7+ 45. Kxg3 Re3+ 46. Kg2 Ke4 47.
Rb8 Re2+ 48. Kg3 Rf3+ 49. Kg4 Rg2+ 50. Kh4 Rf1 51. Re8+ Kd3 52. Kh3 Rg5 53. Kh2
Rf2+ 54. Kh3 Kc4 55. Re5 Rxe5 56. dxe5 Rf5 57. Bd6 Rxh5+ 58. Kg4 Rg5+ 59. Kf4
Kd5 60. b5 Rg1 61. b6 Rb1 62. Bc7 Ke6 63. Ke4 g5 64. Kd4 g4 65. Ke3 Kf5 66. e6
Kxe6 67. Kf4 Rb4+ 68. Kg3 Kf5 69. Kg2 h5 70. Bd8 h4 71. Bxh4 Rxb6 72. Bd8 Rb2+
73. Kg3 Rb3+ 74. Kg2 g3 75. Kh3 Kf4 76. Bc7+ Kf3 77. Bxg3 Rb7 0-1

[Event "London Chess Classic FIDE Open"]
[Site "London ENG"]
[Date "2010.12.10"]
[Round "3"]
[White "Yeo, Michael J"]
[Black "Roy Chowdhury, Saptarshi"]
[Result "0-1"]
[BlackTitle "IM"]
[WhiteElo "2183"]
[BlackElo "2448"]
[WhiteFideId "402257"]
[BlackFideId "5002974"]
[EventDate "2010.12.10"]

1. e4 c5 2. Nf3 Nc6 3. d4 cxd4 4. Nxd4 e5 5. Nb5 d6 6. N1c3 a6 7. Na3 b5 8. Nd5
Nge7 9. Bg5 f6 10. Be3 Rb8 11. Be2 Nxd5 12. Qxd5 Ne7 13. Qb3 Bd7 14. O-O-O Nc6
15. f4 Qc8 16. f5 Na5 17. Qd5 Qb7 18. Qxb7 Nxb7 19. Bh5+ Ke7 20. b4 Rc8 21. Kb2
g6 22. Bf3 Kf7 23. c3 h5 24. fxg6+ Kxg6 25. Nc2 Be6 26. Ra1 Bd7 27. Rhd1 Nd8 28.
Bb6 Nf7 29. Ne3 Ng5 30. h4 Nxf3 31. gxf3 Kf7 32. Rg1 Be6 33. a4 Rc6 34. Ba7 Rc7
35. Bb6 Rb7 36. a5 Bh6 37. Rad1 Rxb6 38. axb6 Bxe3 39. Rge1 Bxb6 40. Rxd6 Bf2
41. Rh1 Rg8 0-1

[Event "London Chess Classic FIDE Open"]
[Site "London ENG"]
[Date "2010.12.10"]
[Round "3"]
[White "Pena Gomez, Manuel"]
[Black "Wallace, Paul"]
[Result "1-0"]
[WhiteTitle "IM"]
[WhiteElo "2429"]
[BlackElo "2231"]
[WhiteFideId "2252813"]
[BlackFideId "2500892"]
[EventDate "2010.12.10"]

1. c4 e5 2. Nc3 Nf6 3. g3 g6 4. Bg2 Bg7 5. e3 O-O 6. Nge2 d6 7. O-O Nc6 8. d4
Re8 9. h3 Bd7 10. Kh2 Rb8 11. a3 a6 12. b4 Ne7 13. d5 b6 14. a4 Bc8 15. Ba3 Nd7
16. Rc1 Nf5 17. Ne4 Bf8 18. Qd2 Ng7 19. f4 f5 20. Nf2 g5 21. Nd3 h5 22. Ne1 h4
23. Nf3 hxg3+ 24. Nxg3 Be7 25. Qc2 g4 26. Nxf5 Nxf5 27. Qxf5 Nf8 28. Qh5 Bf6 29.
fxe5 dxe5 30. Nd2 e4 31. Nxe4 Rxe4 32. Bxe4 Qd6+ 33. Rf4 Be5 34. Qf7+ Kh8 35.
Kh1 Bxf4 36. Bb2+ 1-0

[Event "London Chess Classic FIDE Open"]
[Site "London ENG"]
[Date "2010.12.10"]
[Round "3"]
[White "Ethelontis, Alexandros N"]
[Black "Ansell, Simon T"]
[Result "1/2-1/2"]
[BlackTitle "IM"]
[WhiteElo "2187"]
[BlackElo "2417"]
[WhiteFideId "405469"]
[BlackFideId "402141"]
[EventDate "2010.12.10"]

1. c4 e6 2. g3 d5 3. Bg2 Nf6 4. Nf3 Be7 5. O-O O-O 6. d4 c6 7. Nc3 Nbd7 8. b3 b6
9. Qc2 Ba6 10. Nd2 Rc8 11. Bb2 b5 12. Rfd1 bxc4 13. bxc4 Nb6 14. c5 Nc4 15. Nxc4
Bxc4 16. Bc1 Nd7 17. e4 Qa5 18. exd5 cxd5 19. Bf4 Qa6 20. Qa4 Qxa4 21. Nxa4 Nb8
22. Nb2 Ba6 23. Nd3 g5 24. Be3 Nc6 25. f4 h6 26. a3 Bxd3 27. Rxd3 Rb8 28. Re1
Bf6 29. f5 Kg7 30. Bf2 Rfe8 31. fxe6 fxe6 32. Bh3 Kf7 33. Bg4 Re7 34. Re2 a5 35.
Kg2 a4 36. Red2 Na5 37. Bh5+ Kg7 38. Bd1 Nc4 39. Ra2 Nb2 40. Rd2 Nxd1 41. Rxd1
Rb3 42. g4 Rc7 43. Rdd2 Rc6 44. Kf1 Kf7 45. Ke2 Ke8 46. Rd3 Kd7 47. Bg3 Rc8 48.
Kd2 Re8 49. Kc2 Kc6 50. Ra1 Kb5 51. Kd2 e5 52. dxe5 Bxe5 53. Bxe5 Rxd3+ 54. Kxd3
Rxe5 55. Kd4 Re2 56. Rb1+ Kc6 57. Rb6+ Kc7 58. Kxd5 Rd2+ 59. Kc4 Rxh2 60. Ra6
Rh4 61. Kd5 Rxg4 62. Rxh6 Rg1 63. Rh7+ Kb8 64. Rg7 g4 1/2-1/2

[Event "London Chess Classic FIDE Open"]
[Site "London ENG"]
[Date "2010.12.10"]
[Round "3"]
[White "Thorhallsson, Throstur"]
[Black "Maduekwe, Chiedu"]
[Result "1-0"]
[WhiteTitle "GM"]
[WhiteElo "2367"]
[BlackElo "2185"]
[WhiteFideId "2300109"]
[BlackFideId "8500118"]
[EventDate "2010.12.10"]

1. e4 Nf6 2. e5 Nd5 3. d4 d6 4. Bc4 c6 5. Nf3 dxe5 6. dxe5 Bf5 7. Nd4 Bc8 8. e6
Bxe6 9. Nxe6 fxe6 10. Qh5+ Kd7 11. O-O Qe8 12. Qh3 Na6 13. Bxa6 bxa6 14. c4 Nc7
15. Bf4 Qg6 16. Rd1+ Kc8 17. Nc3 Qf5 18. Qg3 Ne8 19. Qf3 1-0

[Event "London Chess Classic FIDE Open"]
[Site "London ENG"]
[Date "2010.12.10"]
[Round "3"]
[White "Lasinskas, Povilas"]
[Black "Gullaksen, Eirik"]
[Result "1/2-1/2"]
[WhiteTitle "FM"]
[BlackTitle "IM"]
[WhiteElo "2162"]
[BlackElo "2364"]
[WhiteFideId "12800503"]
[BlackFideId "1500945"]
[EventDate "2010.12.10"]

1. d4 Nf6 2. c4 g6 3. Nc3 Bg7 4. Bg5 h6 5. Bh4 c5 6. Nf3 O-O 7. e3 d6 8. Be2 Bf5
9. O-O g5 10. Bg3 Ne4 11. Nxe4 Bxe4 12. Bd3 Bxd3 13. Qxd3 Nc6 14. d5 Nb4 15. Qd2
Rb8 16. a3 Na6 17. h4 g4 18. Nh2 Qd7 19. a4 Nb4 20. f3 gxf3 21. Rxf3 b6 22. e4
f5 23. Re1 fxe4 24. Rxe4 Rxf3 25. Nxf3 Rf8 26. b3 Rf7 27. Qe2 Na6 28. h5 Nc7 29.
Nh4 Ne8 30. Ng6 Bf6 31. Bf4 Kh7 32. Re6 Ng7 33. Qe4 Kg8 34. Bxh6 Nxh5 35. Qg4
Ng7 36. Be3 Qc8 37. Qh3 Nxe6 38. dxe6 Rh7 39. Qg4 Rg7 40. Bh6 Rxg6 41. Qxg6+ Kh8
42. Qf5 Qg8 43. g4 Qh7 44. Bf4 Qh4 45. Kg2 Qe1 46. Bg3 Qe2+ 47. Bf2 Qd2 48. Kf3
Bg5 49. Kg2 Bf6 50. Qh5+ Kg7 51. Qf7+ Kh6 52. Qh5+ Kg7 53. Qf7+ Kh6 54. Qh5+ 1/2-1/2

[Event "London Chess Classic FIDE Open"]
[Site "London ENG"]
[Date "2010.12.10"]
[Round "3"]
[White "Ernst, Michael"]
[Black "Berry, Neil"]
[Result "0-1"]
[BlackTitle "FM"]
[WhiteElo "2169"]
[BlackElo "2346"]
[WhiteFideId "1618393"]
[BlackFideId "2400650"]
[EventDate "2010.12.10"]

1. d4 Nf6 2. c4 e6 3. Nc3 Bb4 4. Qc2 O-O 5. a3 Bxc3+ 6. Qxc3 d5 7. e3 b6 8. Bd3
dxc4 9. Bxc4 Bb7 10. f3 Nbd7 11. Ne2 c5 12. O-O Rc8 13. Bd2 cxd4 14. Qxd4 e5 15.
Qd3 e4 16. Qd4 exf3 17. gxf3 Rxc4 18. Qxc4 Ne5 19. Qd4 Nxf3+ 20. Rxf3 Bxf3 21.
Qxd8 Rxd8 22. Nd4 Be4 23. Rc1 h5 24. Rc7 a5 25. Ra7 Rd5 26. Ra8+ Kh7 27. Rb8
Rg5+ 28. Kf1 Bd3+ 29. Ke1 Ne4 30. Kd1 Rg2 31. Bc3 Rxh2 32. Rxb6 h4 33. Bxa5 h3
34. Rb3 Rh1+ 35. Be1 h2 36. Rxd3 Rxe1+ 37. Kxe1 h1=Q+ 38. Ke2 Qg2+ 39. Ke1 Qxb2 0-1

[Event "London Chess Classic FIDE Open"]
[Site "London ENG"]
[Date "2010.12.10"]
[Round "3"]
[White "Wheldon, Philip"]
[Black "Webb, Laurence E"]
[Result "1/2-1/2"]
[BlackTitle "FM"]
[WhiteElo "2125"]
[BlackElo "2322"]
[WhiteFideId "407402"]
[BlackFideId "402389"]
[EventDate "2010.12.10"]

1. e4 e6 2. d4 d5 3. Nc3 Bb4 4. exd5 exd5 5. Bd3 Nc6 6. Ne2 Nge7 7. O-O Bf5 8.
Ng3 Bxd3 9. Qxd3 O-O 10. Bg5 f6 11. Bd2 Bxc3 12. Qxc3 Qd7 13. Qd3 Rae8 14. Rae1
f5 15. Ne2 Ng6 16. Qb5 f4 17. Nc3 Rd8 18. f3 Nxd4 19. Qxb7 Nxc2 20. Rc1 Ne3 21.
Bxe3 fxe3 22. Ne2 c6 23. Qb3 Rfe8 24. Rfe1 Rb8 25. Qc3 Qb7 26. b3 Qb6 27. Qxc6
Qxc6 28. Rxc6 Rbc8 29. Rxc8 Rxc8 30. Nd4 Rc3 31. Nf5 Nf4 32. Rxe3 Rc1+ 33. Kf2
Rc2+ 34. Kg3 g5 35. Re8+ Kf7 36. Ne3 Re2 37. Re5 Ng6 38. Rxg5 Rxe3 39. Rxd5 Re7
40. f4 Rc7 41. Ra5 Ne7 42. Kg4 Rd7 43. g3 Nc6 44. Rh5 Kg6 45. Rc5 Nb4 46. a3 Nd5
47. f5+ Kf6 48. Rc6+ Ke5 49. Re6+ Kd4 50. Kg5 Kc3 51. b4 Kb3 52. Ra6 Ne3 53. f6
Kc4 54. Re6 Nd5 55. Kf5 Nc7 56. Re7 Rxe7 57. fxe7 Kb3 58. Ke5 Kxa3 59. Kd6 Ne8+
60. Kc5 Ka4 61. g4 h6 62. h4 a6 63. g5 hxg5 64. hxg5 Kb3 65. b5 axb5 66. Kxb5
Kc3 67. Kc6 Kd4 68. Kd7 Ng7 69. e8=Q Nxe8 70. Kxe8 Ke5 71. g6 Kf6 1/2-1/2

[Event "London Chess Classic FIDE Open"]
[Site "London ENG"]
[Date "2010.12.10"]
[Round "3"]
[White "Hagen, Anders Gjerdrum"]
[Black "Dukaczewski, Piotr"]
[Result "0-1"]
[BlackTitle "IM"]
[WhiteElo "2084"]
[BlackElo "2297"]
[WhiteFideId "1506650"]
[BlackFideId "1103520"]
[EventDate "2010.12.10"]

1. d4 Nf6 2. c4 g6 3. Nc3 Bg7 4. e4 d6 5. Nf3 O-O 6. Be2 Qe8 7. Bg5 h6 8. Bh4 c6
9. O-O g5 10. Bg3 Nh5 11. Ne1 Nf4 12. Bf3 Nd7 13. Nc2 a6 14. a4 e6 15. Ne2 e5
16. d5 cxd5 17. cxd5 f5 18. exf5 Nf6 19. Nc3 Bxf5 20. Re1 Qg6 21. Ne3 Bd3 22.
Qd2 Rae8 23. Bd1 e4 24. Bc2 Nd7 25. Bxd3 Nxd3 26. Rf1 Nf4 27. Rac1 Nc5 28. Rc2
h5 29. h3 Ncd3 30. Ncd1 Rf7 31. Rc4 Ne5 32. Rc2 Nxh3+ 33. Kh1 Nf4 34. b4 h4 35.
Bh2 h3 36. g4 Nf3 37. Qc1 Nd3 38. Qb1 Nxh2 39. Kxh2 Be5+ 40. Kh1 Qh7 41. b5 a5
42. b6 Nb4 43. Rc4 Bf4 44. Nf5 Rxf5 45. gxf5 Qh5 46. f3 exf3 47. Nf2 Qh4 48. f6
Kf7 49. Qf5 Qg3 50. Qh7+ Kxf6 51. Qh6+ Ke5 52. Qg7+ Kxd5 53. Qd4+ Ke6 54. Re1+
Be5 55. Qg4+ Qxg4 56. Rxg4 Kf5 57. Re3 h2 58. Rxf3+ Bf4 59. Kg2 Re1 0-1

[Event "London Chess Classic FIDE Open"]
[Site "London ENG"]
[Date "2010.12.10"]
[Round "3"]
[White "Roberson, Peter T"]
[Black "Mcintyre, Paul"]
[Result "1-0"]
[WhiteElo "2291"]
[BlackElo "2119"]
[WhiteFideId "412384"]
[BlackFideId "412988"]
[EventDate "2010.12.10"]

1. e4 c5 2. Nc3 Nc6 3. Bb5 Nd4 4. Bc4 g6 5. Nf3 Bg7 6. Nxd4 cxd4 7. Qf3 e6 8.
Nb5 d6 9. Qa3 Bf8 10. Nxd4 Bd7 11. Qg3 Qb6 12. Ne2 Bg7 13. O-O Nf6 14. d3 O-O
15. Bb3 a5 16. a4 Qc7 17. Qh4 b5 18. axb5 Bxb5 19. Nc3 Ba6 20. Bh6 Rab8 21. Bxg7
Kxg7 22. Rfd1 Nd7 23. d4 Bc4 24. Bxc4 Qxc4 25. Ra2 Rb7 26. Qg3 Qc7 27. Rda1 Rfb8
28. b3 Rc8 29. Nd1 Ra8 30. Qd3 Rb4 31. Ne3 Nb8 32. Nc4 Nc6 33. Qc3 d5 34. exd5
exd5 35. Nxa5 Rxd4 36. Nxc6 1-0

[Event "London Chess Classic FIDE Open"]
[Site "London ENG"]
[Date "2010.12.10"]
[Round "3"]
[White "Prosviriakov, Vladimir"]
[Black "Hebbes, Tim"]
[Result "1-0"]
[WhiteTitle "IM"]
[WhiteElo "2280"]
[BlackElo "2108"]
[WhiteFideId "2004860"]
[BlackFideId "406570"]
[EventDate "2010.12.10"]

1. Nf3 Nf6 2. d4 d5 3. e3 e6 4. Bd3 c5 5. b3 Nc6 6. O-O cxd4 7. exd4 Bd6 8. c4
h6 9. Nc3 O-O 10. Re1 dxc4 11. bxc4 Bb4 12. Bb2 Qa5 13. Qc2 Rd8 14. a3 Bf8 15.
Nb5 Rd7 16. Rad1 Qd8 17. Qe2 a6 18. Nc3 b6 19. Ne4 Nh7 20. Ne5 Nxe5 21. dxe5 Bb7
22. Nd6 Bxd6 23. exd6 Nf6 24. Be5 Rc8 25. Bc2 Ne8 26. Ba4 Qg5 27. f4 Qd8 28.
Bxd7 Qxd7 29. Rd2 Rd8 30. Red1 Qc6 31. d7 Nf6 32. Bxf6 gxf6 33. Kh1 Kf8 34. f5
e5 35. Rd6 Qc5 36. Rxf6 1-0